000 01385nam a2200337Ia 4500
001 ebr10742466
003 CaPaEBR
006 m o u
007 cr cn|||||||||
008 021009s2003 nyua sb 001 0 eng d
010 _z 2002151615
020 _z0801440521 (cloth : alk. paper)
020 _z9780801479052
020 _z9780801469930
040 _aCaPaEBR
_cCaPaEBR
035 _a(OCoLC)857065590
050 1 4 _aHQ1438.V5
_bS68 2003eb
082 0 4 _a305.4/09755
_221
100 1 _aSnyder, Terri L.,
_d1956-
245 1 0 _aBrabbling women
_h[electronic resource] :
_bdisorderly speech and the law in early Virginia /
_cTerri L. Snyder.
260 _aIthaca, N.Y. :
_bCornell University Press,
_cc2003.
300 _axi, 182 p. :
_bill.
504 _aIncludes bibliographical references (p. 145-178) and index.
533 _aElectronic reproduction.
_bPalo Alto, Calif. :
_cebrary,
_d2013.
_nAvailable via World Wide Web.
_nAccess may be limited to ebrary affiliated libraries.
650 0 _aWomen
_zVirginia
_xHistory
_y18th century.
650 0 _aWomen
_xLegal status, laws, etc.
_zVirginia
_xHistory.
650 0 _aSex customs
_zVirginia
_xHistory
_y18th century.
655 7 _aElectronic books.
_2local
710 2 _aebrary, Inc.
856 4 0 _uhttp://site.ebrary.com/lib/rucke/Doc?id=10742466
_zAn electronic book accessible through the World Wide Web; click to view
999 _c35352
_d35352